000 00974cam a2200289 i 4500
001 54506
003 Mx-PuUPA
005 20251016134835.0
008 140415s2007 sp a r 000 0 spa d
020 _a9789705802225
040 _aMx-PuUPA
_bspa
_cMx-PuUPA
_dMx-PuUPA
_erda
041 0 _aspa
100 1 _aSteele, Philip,
_d1948-
_eautor
_94703
245 1 0 _aIsaac Newton :
_bel científico que revolucionó al mundo /
_cPhilip Steele.
250 _a[Primera edición]
264 1 _aMéxico, D.F. :
_bSantillana Ediciones Generales,
_c2007
300 _a64 páginas :
_bilustraciones ;
_c25 cm.
336 _atexto
_2rdacontent
_btxt
337 _asin mediación
_2rdamedia
_bn
338 _avolumen
_2rdacarrier
_bnc
490 0 _aAltea Biografías
600 1 0 _aNewton, Isaac,
_d1642-1727
_91269
650 7 _afísicos - Gran Bretaña
_xBiografía
_2armarc
942 _2ddc
_cLI
_h530.092
_iS7995
999 _c54506
_d54506